The merchant of Venice

Uloženo v:
Podrobná bibliografie
Hlavní autor: Shakespeare, William
Médium: Kniha
Jazyk:Undetermined
Vydáno: Chicago, Estados Unidos Scott, Foresman & Co. 1908
Témata:
Tagy: Přidat tag
Žádné tagy, Buďte první, kdo vytvoří štítek k tomuto záznamu!

MARC

LEADER 00000nam a2200000Ia 4500
008 170316s9999 xx 000 0 und d
040 |a cru BVZT 
090 |a 820 S-5mr 
100 |a Shakespeare, William 
245 4 |a The merchant of Venice 
260 |a Chicago, Estados Unidos 
260 |b Scott, Foresman & Co. 
260 |c 1908 
300 |a 172 páginas 
650 |a LITERATURA INGLESA 
999 |c 7157  |d 7157 
942 |c 15 D  |h 820 S-5mr  |2 z